书目信息 |
| 题名: |
斯大林哲学思想讨论文集
|
|
| 作者: | ;中国社会科学院哲学所马哲史室 , 吉林省社会科学院哲学研究所 编 | |
| 分册: | ||
| 出版信息: | 北京 中国社会科学出版社 1982 |
|
| 页数: | 531页 | |
| 开本: | 19cm | |
| 丛书名: | ||
| 单 册: | ||
| 中图分类: | A83-53 | |
| 科图分类: | ||
| 主题词: | 斯大林著作--学习--文集 , 斯大林著作研究--文集 | |
| 电子资源: | ||
| ISBN: | ||
| 000 | 00898nam0 2200253 45 | |
| 001 | 0182006209 | |
| 005 | 20050530100446.2 | |
| 010 | @dCNY1.60 | |
| 091 | @a2190.045 | |
| 100 | @a19950601d1982 emky0chiy0121 ea | |
| 101 | 0 | @achi |
| 102 | @aCN@b110000 | |
| 105 | @ay z 000yy | |
| 200 | 10 | @a斯大林哲学思想讨论文集@Asi da lin zhe xue si xiang tao lun wen ji@f中国社会科学院哲学所马哲史室,吉林省社会科学院哲学研究所编@FZhong Guo She HuiKe Xue Yuan Zhe Xue Suo Ma Zhe Shi Shi,Ji Lin Sheng She Hui Ke Xue Yuan Zhe Xue Yan Jiu Suo Bian |
| 210 | @a北京@c中国社会科学出版社@d1982 | |
| 215 | @a531页@d19cm | |
| 606 | 0 | @a斯大林著作@x学习@x文集 |
| 606 | 0 | @a斯大林著作研究@x文集 |
| 690 | @aA83-53@v3 | |
| 711 | 02 | @a中国社会科学院哲学所马哲史室@4编 |
| 711 | 02 | @a吉林省社会科学院哲学研究所@4编 |
| 801 | 0 | @aCN@b上海图书馆@c20050527 |
| 801 | 2 | @aCN@bNLC@c20050527 |
| 905 | @f1@b228219@dA83-53@e5 | |
| 斯大林哲学思想讨论文集/中国社会科学院哲学所马哲史室,吉林省社会科学院哲学研究所编.-北京:中国社会科学出版社,1982 |
| 531页;19cm |
| ISBN :CNY1.60 |
| ● |
| 相关链接 |
|
|
|
|
正题名:斯大林哲学思想讨论文集
索取号:A83-53/5
 
预约/预借
| 序号 | 登录号 | 条形码 | 馆藏地/架位号 | 状态 | 备注 |
| 1 | 0228219 | 001388965 | 第一样本阅览室/ [索取号:A83-53/5] | 在馆 |